Adele Lyrics- Part 3 - Statistics

General Stats
  • This quiz has been taken 72 times
  • The average score is 11 of 15
Answer Stats
Hint Answer % Correct
"Teetering on the edge of heaven and ____, well its a battle, that I cannot fight" Hell
98%
"____, it's me" Hello
98%
"Send My Love To Your New _____, treat her better" Lover
94%
"Bless your soul, you got your head in the _____" Clouds
84%
"Yeah I blame it on the _____ Lea, the ____ Lea, the ____ Lea" River
84%
"Sometimes the road less traveled is the road best left ____" Behind
81%
"Love will soon come, if you just ___ On" Hold
80%
"How come we've both become a _____ of a person we don't even like" Version
78%
"Why Don't You _______, the reason loved me before" Remember
77%
"They Melt My Heart To ____" Stone
77%
"But you'd save the Best For ___ like I'm the one for you" Last
72%
"Next time I'll be braver, I'll be my own ______" Savior
69%
"The storms are raging on the rolling seas, and on the highway of _____" Regret
53%
"Because I'm too, ____ For You" Crazy
52%
"I'm between the middle watching _______ unfold" Hastiness
36%
No matching quizzes found
Score Distribution
Percent of People with Each Score
Percentile by Number Answered
Your Score History
You have not taken this quiz